000 00552 a2200169 4500
020 _a0-89312-129-0
082 _a624.2 ALS
_bN-1,P-89
090 _c3197
_d3197
100 _aALSAMSAM,LYAD M & KAMARA, MAHMOUD
_943377
245 _aSIMPLIFIED DESIGN
_bREINFORCED CONCRETE BUILDINGS OF MODERATE SIZE AND HEIGHT
250 _a3RD ED.
260 _aILLINOIS
_bPORTLAND CEMENT ASSOCIATION
_c2004
300 _aVARIABLE PAGES
_c28 CM
500 _aREINFORCED CONCRETE
526 _a0
_b0
_c0
_d624_200000000000000_ALS_N1P89
942 _2ddc
_aMCE
_cB
_k624.2 ALS
999 _c547199
_d547199